Languages of Japan - Statistics

General Stats
  • This quiz has been taken 44 times
  • The average score is 3 of 14
Answer Stats
Hint Answer % Correct
National Japanese
100%
Indigenous Ainu
71%
Regional Okinawan
55%
Regional Miyako
10%
Regional Yonaguni
10%
Regional Yaeyama
5%
Regional Amami-Oshima
2%
Minority Bonin English
2%
Regional Kunigami
2%
Minority Matagi
0%
Minority Nikvh
0%
Minority Orok
0%
Minority Sanka
0%
Minority Zainichi Korean
0%
No matching quizzes found
Score Distribution
Percent of People with Each Score
Percentile by Number Answered
Your Score History
You have not taken this quiz